000 00658cam a2200217 4500
001 M95447
008 090401t1998 xxu||||| |||| 00| 0 eng d
035 _a(Sirsi) u90106
041 _aeng
050 _a368.5
_c18
110 _aRoyal Institution of Chartered Surveyors
_94900
245 _aInsurance claims
_breporting claims and circumstances that might lead to a claim
260 _aLondon
_bRICS
_c1998
300 _a5p.
_c30cm.
650 _aINSURANCE CLAIMS
650 _aPROFESSIONAL INDEMNITY INSURANCE
650 _aPROFESSIONAL CONDUCT
690 _aMANAGEMENT-BUSINESS MANAGEMENT-PROFESSIONAL PRACTICE
942 _n0
948 _c02/12/1998
999 _c97532
_d97532